Qui de nous ? - Statistiques

Statistiques générales
  • Ce quiz a été pris 6 fois
  • Le résultat moyen est 13 sur 15
Statistiques - réponses
Question Réponse % Correct
Qui est @lcoolique ? Camille
100%
Qui profite de la bonté de ses "amis" ? Camille
100%
Qui est complètement nul(le) au billard ? Camille
100%
Qui à déjà payé pour de l'air ? Lisa
100%
Qui est addict aux réseaux sociaux ? Lisa
100%
Qui à eu une mauvaise expérience avec des portugais ? Malo
100%
Qui est le plus riche ? Mathéo
100%
Qui a dormi par terre ? Stan
100%
Qui habite dans le trou le plus paumé du monde ? Camille
75%
Qui se doit d'être absolument présent en soirée ? Malo
75%
Qui est le garnement qui ne sait pas tenir les portes ? Malo
75%
Qui est K.O. après 2 verres ? Mathéo
75%
Qui cuisine le mieux ? Mathéo
75%
Qui aime les hommes ? Gabriel Attal
50%
Qui possède la meilleur voiture ? Stan
50%
Aucun quiz correspondant
Distribution des résultats
% des personnes avec chaque résultat
Percentile par nombre de réponses
Votre historique - résultats
Vous n’avez pas pris ce quiz